| 000 | 00919nam a2200193Ia 4500 | ||
|---|---|---|---|
| 003 | GCL | ||
| 008 | 140319s9999 xx 000 0 ara d | ||
| 040 |
_aGCL / _cGCL |
||
| 082 | 0 | 4 |
_aط _b252.2 _bم ح |
| 100 | 1 | _aمؤسسة الايمان | |
| 245 | 1 | 0 |
_aسلسلة حكايات عن الصلاة : _bمج1 الاذان نداء الله للمكرمين\ مج2الوضوء ماأروعه\ مج3 هل في الطهارة أي شر؟ \ مج4 الستر والقبلة شرطان لكل صلاة \ مج5اعبد ربك من بكير \ مج6 صلاة الظهر تبارك العمر\ مج 7 من لا يصلي العصر يخسر الخ000 / _cمؤسسة الايمان |
| 260 |
_aبيروت : _bمؤسسة الايمان |
||
| 300 |
_a16 ؛ _c24 سم |
||
| 490 |
_aحكايات عن الصلاة _v0 |
||
| 650 | 0 | 4 | _aالاطفال |
| 650 | 0 | 4 | _aالقصص |
| 650 | 0 | 4 | _aالقصص الدينية |
| 942 |
_2ddc _cBK |
||
| 999 |
_c58363 _d58363 |
||